Statistics for Biggest Cities of England in 1000 AD with a Map

Click here to take the quiz!

General Stats

  • This quiz has been taken 387 times
  • The average score is 15 of 25

Answers on the Map

Answers color-coded by a green-red scale on the quiz's map according to % correct below.
 

Answer Stats

PopulationCity% Correct
15kLundenwic
(London)
100%
12kEoforwic
(York)
91%
5kBrycgstow
(Bristol)
87%
4kMunucceaster
(Newcastle upon Tyne)
86%
10kNorthwic
(Norwich)
85%
2kOxnaford
(Oxford)
82%
2kMamceaster
(Manchester)
80%
2kGrantebrycge
(Cambridge)
78%
8kLindocolina
(Lincoln)
73%
3kEscanceaster
(Exeter)
69%
2kLigeraceaster
(Leicester)
69%
2kCantwareburh
(Canterbury)
68%
3kGleawceaster
(Gloucester)
67%
3kLegaceaster
(Chester)
67%
15kWintanceaster
(Winchester)
65%
2kWeogorna
(Worcester)
56%
2kColenceaster
(Colchester)
55%
2kHereford
47%
2kScrobbesburh
(Shrewsbury)
42%
2kCyneburh
(St Albans)
36%
2kEilig
(Ely)
35%
2kTonetun
(Taunton)
32%
2kDuddanleah
(Dudley)
17%
2kLyccidfeld
(Lichfield)
17%
3kTheodford
(Thetford)
16%

Score Distribution

Percentile by Number Answered

Percent of People with Each Score

Your Score History

You have not taken this quiz